00457nam a2200181 a 4500001001300000003000900013005001700022008004100039020001000080082001600090100001300106245004400119260003600163300000900199500003500208505001000243650002200253nice12345678IN_TiNIC20260116011757.0050524s0000 dela grp 000 0 eng  ac10000a297.63bDIN aDinet, E aLife of Mohammadb the Prophet of Allah aDelhibKutub Khana Aziziac0000 a212p aincludes index and biblioraphy2 aIndex aMuhammad, Prophet